000 01110cam a2200301 a 4500
001 1162
005 20240109083449.0
020 _a429200012376
040 _aDLC
_cDLC
_dDLC
_beng
050 0 0 _aPZ7.V544
_b1992
082 0 0 _aFic
_220
100 _aWilliam, Margery
245 0 4 _aThe Velveteen Rabbit /
_cadapted from the story by Margery Williams ; illustrated by Judith Sutton.
260 _aRacine, Wis. :
_bWestern Publishing Company, Inc.,
_c1992.
300 _a23 unnumbered pages :
_bcolor illustrations. ;
_c21 cm
490 0 _aA Little golden book
500 _a"A Golden book, New York."
505 _aF
520 _aBy the time the Velveteen Rabbit is dirty, worn out, and about to be burned, he has almost given up hope of ever finding the magic called Real.
521 _a320
_bLexile
521 _aF
_bLexile
650 1 _aToys
_xFiction.
650 1 _aRabbits
_xFiction.
700 1 _aSutton, Judith,
_d1947-
_eillustrator.
700 1 _aBianco, Margery Williams,
_d1881-1944.
_tVelveteen rabbit.
906 _a7
_bcbc
_corignew
_d2
_eopcn
_f19
_gy-gencatlg
942 _2ddc
_cBK
_n0
999 _c1162
_d1162